[Event "Tuimazy-ch U18"]
[Site "Tuimazy"]
[Date "2019.03.04"]
[Round "8"]
[White "Musin, David"]
[Black "Popov, Alexandr"]
[Result "1/2-1/2"]
[WhiteElo "1216"]
[BlackElo "1291"]
[PlyCount "132"]
[EventDate "2019.03.01"]
[EventType "tourn"]
[EventRounds "11"]
[EventCountry "RUS"]
[SourceTitle "EXT 2022"]
[Source "ChessBase"]
[SourceDate "2021.10.06"]
[SourceVersion "1"]
[SourceVersionDate "2021.10.06"]
[SourceQuality "1"]

1. e4 e5 2. Nf3 Nc6 3. Bc4 Bc5 4. c3 Nf6 5. d4 exd4 6. cxd4 Bb4+ 7. Nc3 Bxc3+ 8. bxc3 d5 9. e5 Ne4 10. Bb5 0-0 11. Qc2 Ne7 12. 0-0 Ng6 13. Bd3 Bf5 14. Bxe4 Bxe4 15. Qe2 c6 16. Ba3 Re8 17. Nd2 Bxg2 18. Rfe1 Bh3 19. Qe3 Qh4 20. Qg3 Qg4 21. Qxg4 Bxg4 22. Re3 Nf4 23. Kh1 Re6 24. Rg1 Bf5 25. Rgg3 Bg6 26. Rgf3 Nh5 27. c4 Rae8 28. cxd5 cxd5 29. Bd6 f6 30. Rb3 b6 31. Rbc3 Ra8 32. Rc7 Ree8 33. Rfc3 Bf5 34. Nf1 Rec8 35. Ng3 Nxg3+ 36. fxg3 Be6 37. Kg2 f5 38. Kf3 a6 39. Ke3 g5 40. Kd2 h6 41. Re7 Rxc3 42. Kxc3 Rc8+ 43. Kd3 Bf7 44. e6 Bg6 45. Ra7 f4+ 46. Kd2 fxg3 47. hxg3 a5 48. Rc7 Re8 49. e7 a4 50. Ra7 Kf7 51. Rxa4 Ke6 52. Ba3 Bb1 53. Ra6 Bxa2 54. Rxb6+ Kf5 55. Rxh6 Bc4 56. Rd6 Rxe7 57. Rxd5+ Bxd5 58. Bxe7 Kg4 59. Bd6 Kf3 60. Kd3 g4 61. Bb8 Be6 62. Kc3 Ke3 63. Bf4+ Ke4 64. Bb8 Bd5 65. Kd2 Kxd4 66. Ke2 Bf3+ 1/2-1/2

[Event "Tuimazy-ch U18"]
[Site "Tuimazy"]
[Date "2019.03.03"]
[Round "6"]
[White "Musin, David"]
[Black "Kuzmenko, Anastasia"]
[Result "0-1"]
[WhiteElo "1216"]
[BlackElo "1159"]
[PlyCount "110"]
[EventDate "2019.03.01"]
[EventType "tourn"]
[EventRounds "11"]
[EventCountry "RUS"]
[SourceTitle "EXT 2022"]
[Source "ChessBase"]
[SourceDate "2021.10.06"]
[SourceVersion "1"]
[SourceVersionDate "2021.10.06"]
[SourceQuality "1"]

1. e4 e5 2. Nf3 Nc6 3. Bb5 a6 4. Ba4 Nf6 5. 0-0 d6 6. Re1 b5 7. Bb3 Na5 8. d4 Nxb3 9. cxb3 exd4 10. Nxd4 c5 11. Nf3 Be7 12. Nc3 Bb7 13. e5 dxe5 14. Qxd8+ Rxd8 15. Nxe5 0-0 16. Bg5 h6 17. Bxf6 Bxf6 18. Ng4 Bg5 19. Ne4 Bxe4 20. Rxe4 Rfe8 21. Rxe8+ Rxe8 22. Kf1 h5 23. Ne3 Bxe3 24. fxe3 Rxe3 25. Rd1 Re6 26. Rd5 Rc6 27. Rxh5 c4 28. bxc4 Rxc4 29. Rh3 Rc1+ 30. Kf2 Rc2+ 31. Kf3 Rxb2 32. Rh4 Rxa2 33. Rb4 Ra4 34. Rb3 b4 35. Ke4 a5 36. Kd4 Ra2 37. Kc5 Rxg2 38. Kb5 Ra2 39. h4 Ra3 40. Rb1 b3 41. Rb2 a4 42. Kb4 Ra2 43. Rb1 b2 44. Kc3 a3 45. Rd1 Ra1 46. Rd8+ Kh7 47. Rb8 b1Q 48. Rxb1 Rxb1 49. Kc2 Rb8 50. h5 a2 51. h6 a1Q 52. hxg7 Kxg7 53. Kd2 Qa3 54. Ke2 Rb2+ 55. Kd1 Qa1# 0-1

[Event "Tuimazy-ch U18"]
[Site "Tuimazy"]
[Date "2019.03.01"]
[Round "1"]
[White "Musin, David"]
[Black "Bigalin, Ilnar"]
[Result "0-1"]
[WhiteElo "1216"]
[BlackElo "1827"]
[PlyCount "144"]
[EventDate "2019.03.01"]
[EventType "tourn"]
[EventRounds "11"]
[EventCountry "RUS"]
[SourceTitle "EXT 2022"]
[Source "ChessBase"]
[SourceDate "2021.10.06"]
[SourceVersion "1"]
[SourceVersionDate "2021.10.06"]
[SourceQuality "1"]

1. e4 c6 2. d4 d5 3. exd5 cxd5 4. c4 Nf6 5. Nc3 Nc6 6. Bg5 dxc4 7. Bxc4 Qxd4 8. Qxd4 Nxd4 9. 0-0-0 Ne6 10. Bxf6 exf6 11. Bb5+ Ke7 12. Nf3 Nc7 13. Rhe1+ Be6 14. Nd5+ Nxd5 15. Rxd5 Rc8+ 16. Kb1 Rc7 17. Nd4 g6 18. Nxe6 fxe6 19. Rd2 Bh6 20. Rd3 Rhc8 21. Rdd1 a6 22. Ba4 b5 23. Bb3 Rc6 24. a4 e5 25. axb5 axb5 26. f3 Ra6 27. Rd3 Rca8 28. Kc2 Ra1 29. Red1 Rc8+ 30. Rc3 Rxd1 31. Kxd1 Rd8+ 32. Kc2 Rd2+ 33. Kb1 Rxg2 34. Rc2 Rxc2 35. Kxc2 Bf4 36. h3 f5 37. Bd5 Kf6 38. Kb3 Bd2 39. Kc2 Be1 40. Kd1 Bf2 41. Kc2 Kg5 42. Kd2 Bd4 43. b3 h6 44. Bg8 Kf4 45. Ke2 Kg3 46. Bh7 Kxh3 47. Bxg6 f4 48. Bh5 Kh4 49. Be8 b4 50. Kd3 h5 51. Ke2 Kg5 52. Kf1 e4 53. fxe4 f3 54. Bc6 Kf4 55. Bb7 h4 56. Bc8 Kxe4 57. Bh3 Kf4 58. Ke1 Kg3 59. Bf1 h3 60. Bxh3 Kxh3 61. Kf1 Kg3 62. Ke1 Kg2 63. Kd2 f2 64. Kd3 Bg7 65. Kc4 f1Q+ 66. Kxb4 Qd3 67. Ka4 Bc3 68. b4 Qc4 69. Ka5 Qxb4+ 70. Ka6 Be5 71. Ka7 Bc7 72. Ka6 Qb6# 0-1